000 00883 a2200241 4500
001 116886
020 _a9788535631708
020 _q(broch.)
041 _apor
082 _a028.5
100 _aDugnani, Patrício
240 1 0 _lPortuguês
250 _a3. ed.
490 _aPonte do saber. Série
650 4 _aLiteratura infantojuvenil
856 _u000027/00002738.jpg
040 _aBR-FlUSC
_cBR-FlUSC
_dBR-BrIDEA
090 _aAP Year 1 028
_bDUG
245 1 0 _aBeleléu e as cores
_cPatrício Dugnani autor e ilustrador
260 _aSão Paulo
_bPaulinas
_c2012
300 _a32 p.
_bil. color
_c20 cm
942 _cBK
999 _c116886
_d116886